| 000 | 00548cam a22002171 4500 | ||
|---|---|---|---|
| 001 | sa 66001358 | ||
| 003 | DLC | ||
| 005 | 20260227112221.0 | ||
| 008 | 890616s1961 ii 000 0 telo | ||
| 010 | _asa 66001358 | ||
| 035 | _a(OCoLC)19882692 | ||
| 040 |
_aDLC _cWaU _dDLC |
||
| 042 | _apremarc | ||
| 050 | 0 | 0 |
_aBL1146.V46 _bA43 |
| 100 | 0 |
_aVimalananda Nrusimha-Bharati, _cSwami, _d1901- |
|
| 245 | 1 | 0 | _aAdhyātma vicāraṇa. |
| 260 | _c1961. | ||
| 300 |
_axxxv, 221 p. _c18 cm. |
||
| 500 | _aIn Telugu. | ||
| 650 | 0 |
_aMysticism _xHinduism. |
|
| 999 |
_c67744 _d67744 |
||